000 00926nam a2200265Ia 4500
003 OSt
005 20220923211141.0
006 a|||||r|||| 00| 0
007 ta
008 220922b |||||||| |||| 00| 0 hin d
020 _a8186121064 (hb)
024 _a231,023
037 _cTextual
040 _aARTS
_cARTS
_bhin
041 _2hin
_ahin
082 _aO152,3NBAx, N9
100 _aबत्रा, सुदेश
_9156290
245 0 _aछत और आकाश
_b कहानी संग्रह
246 _aChhat aur ākāsha: kahānī sangraha
260 _aजयपुर
_b एम.बी.पब्लिशर्स एण्ड डिस्ट्रीब्यूटर्स
_c1999
300 _a117पृ.
_ccm.
650 _aहिन्दी साहित्य
_9156264
942 _hO152,3NBAx, N9
_cTEXL
_2CC
999 _c295972
_d295972